|
|
|
|
| LEADER |
00000nab a2200000uu 4500 |
| 001 |
vtls011138766 |
| 003 |
SK-MaSNL |
| 005 |
20260303131224.0 |
| 008 |
230218|2013 xo |||||||||||||||||slo| |
| 015 |
|
|
|a SNBRB
|
| 035 |
|
|
|a (urnnbn)urn:nbn:sk:snk:ar-007vx4
|
| 035 |
|
|
|a (uuid)a95d3340-edd0-4d75-9cea-a89f1ac51b62
|
| 035 |
|
|
|a urn:nbn:sk:snk-abar33
|
| 040 |
|
|
|a SNKBUCL
|b slo
|c SNKBUCL
|e AACR2
|
| 041 |
0 |
|
|a slo
|
| 044 |
|
|
|a xo
|c SK
|
| 100 |
1 |
|
|a Mihalkanin, Ľ.
|4 aut
|9 1147687
|
| 245 |
1 |
0 |
|a Segmentálna portálna hypertenzia
|c Ľ. Mihalkanin
|
| 773 |
0 |
|
|t Gastroenterologie a hepatologie : časopis České gastroenterologické společnosti, České hepatologické společnosti, Slovenskej gastroenterologickej spoločnosti a Slovenskej hepatologickej spoločnosti
|g Roč. 67, č. 1 (2013), s. 58-64
|
| 954 |
|
|
|a odborná, vedecká literatúra pôvodná (slovenská)
|2 lita
|
| 958 |
|
|
|a OND
|
| 958 |
|
|
|a EUIPO
|
| 958 |
|
|
|a article14
|
| 999 |
|
|
|c 1944157
|d 1946087
|